000 00543nam a2200229Ia 4500
003 OSt
005 20220924142508.0
006 a|||||r|||| 00| 0
007 ta
008 ASM
024 _a302208
037 _cTextual
040 _aARTS
_cARTS
_bASM
041 _2ASM
_aASM
082 _aO158,3NPR,2, L8
100 _aPratiebha Devi
_9213495
245 0 _aRadhar Man
260 _c1978
650 _aASSAMESE LITERATURE
_911738
942 _hO158,3NPR,2, L8
_cTEXL
_2CC
999 _c450942
_d450942